Detalles MARC
| 000 -LIDER |
| fixed length control field |
01309nam a2200337 u 4500 |
| 001 - NÚMERO DE CONTROL |
| Identificador de número de control |
|
| 003 - IDENTIFICACDOR DE NÚMERO DE CONTROL |
| control field |
DO-SdBNP |
| 005 - DATE AND TIME OF LATEST TRANSACTION |
| control field |
20220325134051.0 |
| 008 - ELEMENTOS DE LONGITUD FIJA |
| fixed length control field |
100812s2019 dr a r 000 0 spa d |
| 020 ## - ISBN |
| International Standard Book Number |
9789945917567 |
| 040 ## - FUENTE DE CATALOGACIÓN |
| Agencia que crea de manera original el registro |
DO-SdBNP |
| Idioma de catalogación |
spa |
| Agencia que realiza la transcripción |
BPMSU |
| 082 ## - NÚMERO DE CLASIFICACIÓN DECIMAL DE DEWEY |
| Classification number |
301.27293 |
| Item number |
A577c, 2019 |
| Edition number |
22 |
| 100 1# - ASIENTO PRINCIPAL -- NOMBRE PERSONAL |
| Nombre personal |
Andújar Persinal, Carlos, |
| Fechas asociadas con el nombre |
1956- |
| 245 13 - MENCIÓN DE TITULO |
| Título |
La cultura y la sociedad dominicana : |
| Subtítulo |
una mirada socioantropológica / |
| Mención de responsabilidad |
Carlos Andújar Persinal ; edición Fari Rosario ; prólogo Rubén Silié. |
| 250 ## - MENCIÓN DE EDICION |
| Mención de edición |
3a ed. |
| 260 ## - PUBLICACIÓN, DISTRIBUCIÓN, ETC. (PIE DE IMPRENTA) |
| Lugar de publicación, distribución, etc |
Santo Domingo : |
| Nombre del editor, distribuidor, etc. |
INTEC, |
| Fecha de publicación, distribución, etc |
2019. |
| 300 ## - DESCRIPCIÓN FÍSICA |
| Extensión |
xvii, 235 p. : |
| Otros detalles físicos |
il. ; |
| Dimensiones |
23 cm. |
| 500 ## - NOTA GENERAL |
| Nota general |
Incluye datos biográficos del autor en las solapas |
| 504 ## - NOTA DE BIBLIOGRAFÍA, ETC. |
| Bibliography, etc |
Bibliografía : p. 231-235 |
| 505 0# - NOTA DE CONTENIDO |
| Texto normalizado de contenido |
Prefacio -- |
| Título |
Prólogo -- |
| -- |
Los restos de la familia como institución -- |
| -- |
Temas de sociedad -- |
| -- |
Temas de cultura -- |
| -- |
Misceláneas temáticas -- |
| 590 ## - NOTA LOCAL |
| Texto de la nota local |
Inventariado, 2022/VM |
| 650 #4 - ENCABEZAMIENTO DE MATERIA--TEMÁTICO |
| Término temático o nombre geográfico como elemento de entrada |
Cultura |
| Subdivisión geográfica |
República Dominicana |
| Subdivisión de forma |
Artículos periodísticos |
| 650 #4 - ENCABEZAMIENTO DE MATERIA--TEMÁTICO |
| Término temático o nombre geográfico como elemento de entrada |
Antropología social |
| 650 #4 - ENCABEZAMIENTO DE MATERIA--TEMÁTICO |
| Término temático o nombre geográfico como elemento de entrada |
Identidad nacional |
| Subdivisión geográfica |
República Dominicana |
| 700 1# - ASIENTO SECUNDARIO -- NOMBRE PERSONAL |
| Nombre personal |
Rosario, Fari, |
| Mención de responsabilidad |
editor |
| 700 1# - ASIENTO SECUNDARIO -- NOMBRE PERSONAL |
| Nombre personal |
Silié, Rubén |
| Fechas asociadas con el nombre |
1946- |
| Mención de responsabilidad |
prólogo |
| 710 2# - ASIENTO SECUNDARIO -- NOMBRE CORPORATIVO |
| Nombre corporativo o de jurisdicción |
Instituto Tecnológico de Santo Domingo |
| 710 z# - ASIENTO SECUNDARIO -- NOMBRE CORPORATIVO |
| Nombre corporativo o de jurisdicción |
INTEC |
| 910 ## - VALIDACIÓN |
| Validación |
VMateo V. |
| 942 ## - ADDED ENTRY ELEMENTS (KOHA) |
| Source of classification or shelving scheme |
Dewey Decimal Classification |
| Koha item type |
Libros |